Loading...
Introduction to finite projective planes
| Hovedforfatter: | |
|---|---|
| Andre forfattere: | |
| Format: | Printed Book |
| Udgivet: |
Holt Rinehart & Winston Publishers, New York
1968
|
| Fag: |
| LEADER | 00550nam a2200169 4500 | ||
|---|---|---|---|
| 082 | |a 516.5 ALB-I | ||
| 100 | |a Albert, A Adrian | ||
| 245 | |a Introduction to finite projective planes |c A Adrian Albert and Reuben Sandler | ||
| 250 | |||
| 260 | |a Holt Rinehart & Winston Publishers, New York |c 1968 | ||
| 300 | |||
| 490 | |||
| 650 | |a Projective geometry-- Mathematics | ||
| 700 | |a Sandler, Reuben | ||
| 942 | |c BK | ||
| 999 | |c 200721 |d 200721 | ||
| 952 | |0 0 |1 0 |4 0 |6 516_500000000000000_ALBI |7 0 |9 214070 |a MAT |b MAT |l 0 |o 516.5 ALB-I |p MAT1544 |r 2019-11-01 |w 2019-11-01 |y BK | ||